Groupes de Rock par images - Statistiques

Statistiques générales
  • Ce quiz a été pris 694 fois
  • Le résultat moyen est 18 sur 36
Statistiques - réponses
Par images Réponse % Correct
Nirvana
96%
Queen
90%
The Beatles
87%
ACDC
83%
The Rolling Stones
83%
Guns N' Roses
68%
Metallica
64%
ZZ Top
64%
Green Day
63%
Oasis
61%
Red Hot Chili Peppers
61%
Aerosmith
56%
Doors
56%
Led Zeppelin
56%
Police
54%
U2
52%
Radiohead
51%
Blondie
49%
Pink Floyd
49%
Scorpions
49%
Muse
48%
Cure
47%
The Animals
47%
Dire Straits
46%
The Cranberries
40%
The Clash
38%
Europe
31%
Lynyrd Skynyrd
30%
Black Sabbath
28%
The Offspring
28%
Eagles
26%
Survivor
24%
Fleetwood Mac
23%
Deep Purple
20%
Pixies
13%
Toto
11%
Aucun quiz correspondant
Distribution des résultats
% des personnes avec chaque résultat
Percentile par nombre de réponses
Votre historique - résultats
Vous n’avez pas pris ce quiz